000 00748nam a22002057a 4500
999 _c12605
_d12605
003 AR-CdUCM
008 190409b ||||| |||| 00| 0 spa d
040 _aMUNICIPALIDAD PROVINCIAL DEL CUSCO
_cBIBLIOTECA MUNICIPAL DEL CUSCO
082 _a190 /
_bO65 / 1929
100 _aOrgaz, Raul A.
_930528
245 _aIdeas y doctrinas de nuestro tiempo /
260 _aBuenos Aires :
_bCabaut & Cía,
_c1929.
300 _a162 páginas ;
_c18 cm.
505 _aContenido : Las generaciones históricas -- Vida espontancidad , educación -- Freud y la psicología de la multitud -- La crisis del estilo ...
650 _aIdeas
_95739
650 _aDoctrinas
_919990
650 _aReligión
_91195
942 _2ddc
_cLIBROS
945 _arah
_d09/04/2019